MARC details
| 000 -CABECERA |
| campo de control de longitud fija |
04909nam a2200325 a 4500 |
| 003 - IDENTIFICADOR DEL NÚMERO DE CONTROL |
| campo de control |
OSt |
| 005 - FECHA Y HORA DE LA ÚLTIMA TRANSACCIÓN |
| campo de control |
20250606144637.0 |
| 007 - CAMPO FIJO DE DESCRIPCIÓN FÍSICA--INFORMACIÓN GENERAL |
| campo de control de longitud fija |
cr ||||||a|a|a |
| 008 - DATOS DE LONGITUD FIJA--INFORMACIÓN GENERAL |
| campo de control de longitud fija |
250606s2025 mx a|||fom||| 001 0 spa d |
| 040 ## - FUENTE DE LA CATALOGACIÓN |
| Normas de descripción |
rda |
| 100 1# - ENTRADA PRINCIPAL--NOMBRE DE PERSONA |
| Nombre de persona |
Alarcón García, Antonio |
| 9 (RLIN) |
190445 |
| 245 10 - MENCIÓN DE TÍTULO |
| Título |
Búsqueda e identificación de organismos entomopatógenos nativos en suelos asociados al cultivo de nopal en Otumba, Estado de México / |
| Mención de responsabilidad, etc. |
por Antonio García Alarcón; director de tesis Manuel Alejandro Tejeda Reyes; secretario Evert Villanueva Sánchez; vocal Calixto Leopoldo Carillo Fonseca; suplente Jaime Alfredo Urzúa Gutiérrez; suplente Dimas Mejía Sánchez. |
| 264 #1 - PRODUCCIÓN, PUBLICACIÓN, DISTRIBUCIÓN, FABRICACIÓN Y COPYRIGHT |
| Producción, publicación, distribución, fabricación y copyright |
Chapingo, México : |
| Nombre del de productor, editor, distribuidor, fabricante |
El autor, |
| Fecha de producción, publicación, distribución, fabricación o copyright |
2024. |
| 300 ## - DESCRIPCIÓN FÍSICA |
| Extensión |
1 recurso en línea (48 páginas): |
| Otras características físicas |
cuadros, figuras. |
| 336 ## - TIPO DE CONTENIDO |
| Fuente |
rdacontent |
| Término de tipo de contenido |
texto |
| Código de tipo de contenido |
txt |
| 337 ## - TIPO DE MEDIO |
| Fuente |
rdamedia |
| Nombre/término del tipo de medio |
computadora |
| Código del tipo de medio |
c |
| 338 ## - TIPO DE SOPORTE |
| Fuente |
rdacarrier |
| Nombre/término del tipo de soporte |
recurso en línea |
| Código del tipo de soporte |
cr |
| 502 ## - NOTA DE TESIS |
| Tipo de título |
Ingeniero Agrónomo Especialista en Parasitología Agrícola |
| Nombre de la institución que otorga el título |
Departamento de Enseñanza, Investigación y Servicio en Parasitología Agrícola, |
| Año de obtención del título |
2024. |
| Información miscelánea |
Licenciatura |
| 504 ## - NOTA DE BIBLIOGRAFÍA, ETC. |
| Nota de bibliografía, etc. |
Incluye referencias bibliográficas: páginas . |
| 520 ## - SUMARIO, ETC. |
| Sumario, etc. |
El nopal (Opuntia ficus-indica L.) es una planta que de acuerdo con sus usos en nuestro país destaca como verdura, xoconostle, forraje y nopal tunero. En el presente trabajo se realizó una búsqueda e identificación de organismos entomopatógenos nativos en suelos asociados al cultivo de nopal en el municipio de Otumba, Estado de México. La creciente preocupación mundial, por daños ocasionados a la salud humana, medio ambiente, biodiversidad y seguridad alimentaria por el uso de agroquímicos plantea como necesidad la búsqueda y uso de alternativas de control más amigables, como es el uso de enemigos naturales contra plagas y enfermedades. Para la búsqueda de los organismos entomopatógenos nativos, se seleccionaron 5 parcelas cultivadas con nopal, pertenecientes al municipio de Otumba, obteniendo una muestra compuesta de 1 kg de suelo, constituida por 5 submuestras tomadas en 5 de oros de cada parcela, a una profundidad de 10 a 20 cm. Las muestras de suelo recolectadas se trasladaron al Laboratorio (LANISAF) de la UACh, donde se realizó estudios de suelo para conocer sus características fisicoquímicas, posteriormente se trampearon los organismos mediante la técnica de cebado propuesta por Bedding & Akhurst (1975), usando como insectos blanco larvas de Galleria mellonella L., las cuales provenían de una cría bajo condiciones controladas. Días después de la exposición de las larvas de G. mellonella a los organismos presentes en el suelo recolectado, se realizó un diagnóstico de las larvas enfermas con síntomatología provocada por estos, y mediante la clave taxonómica de los principales grupos de entomopatógenos de Lacey & Brooks (1997) se clasificaron. Los principales grupos de entomopatógenos se aislaron y purificaron. Para corroborar la patógenicidad de cada uno de los organismos, se realizaron los postulados de Koch. También se hicieron técnicas de identificación para cada entomopatógeno como fueron pruebas bioquímicas, PCR e identificación morfológica. Por último, se preservaron las cepas identificadas almacenandolas en un ultracongelador a -80ºC. De las larvas con presencia de hongos, se identificarón 2 géneros de importancia entomopatógena, Beauveria sp. y Metarhizium sp., además, se encontraron conidios del género Fusarium sp., de los cuales no se realizaron postulados de Koch para determinar su actividad entomopatógena, en cuanto a bacterias se identificó solo un género, Bacillus thuringiensis. Sin embargo, podemos concluir que los suelos estudiados, se trampearon e identificaron cepas nativas de 10 Beauveria bassiana, Metarhizium sp. y Bacillus thuringiensis. La presencia de estos fue confirmada por una serie de pruebas morfológicas, químicas y moleculares. De acuerdo a los resultados, es probable que las caracteristicas fisicoquímicas del suelo influyan en la presencia y cantidad de cepas de organismos entomopatógenos presentes en las parcelas, sin embargo, se deben realizar y desarrollar más propuestas de investigación para lograr asociar y entender la relación que existe, de igual modo, desarrollar propuestas de investigación que permitan implementar la alternativa de una producción de nopal órganica, siendo este un mercado en creciente demanda a nivel mundial. |
| 650 #4 - PUNTO DE ACCESO ADICIONAL DE MATERIA--TÉRMINO DE MATERIA |
| Término de materia o nombre geográfico como elemento de entrada |
Organismos entomopatógenos |
| Subdivisión general |
Identificación |
| 9 (RLIN) |
190579 |
| 650 #4 - PUNTO DE ACCESO ADICIONAL DE MATERIA--TÉRMINO DE MATERIA |
| Término de materia o nombre geográfico como elemento de entrada |
Nopal |
| Subdivisión geográfica |
México (Edo.) |
| 9 (RLIN) |
81709 |
| 700 1# - PUNTO DE ACCESO ADICIONAL--NOMBRE DE PERSONA |
| Nombre de persona |
Tejeda Reyes, Manuel Alejandro |
| Término indicativo de función/relación |
director de tesis |
| 9 (RLIN) |
112025 |
| 700 1# - PUNTO DE ACCESO ADICIONAL--NOMBRE DE PERSONA |
| Nombre de persona |
Villanueva Sánchez, Evert |
| 9 (RLIN) |
119519 |
| Término indicativo de función/relación |
secretario. |
| 700 1# - PUNTO DE ACCESO ADICIONAL--NOMBRE DE PERSONA |
| Nombre de persona |
Carrillo Fonseca, Calixto Leopoldo |
| 9 (RLIN) |
19482 |
| Término indicativo de función/relación |
vocal. |
| 700 1# - PUNTO DE ACCESO ADICIONAL--NOMBRE DE PERSONA |
| Nombre de persona |
Urzúa Gutiérrez, Jaime Alfredo |
| 9 (RLIN) |
117018 |
| Término indicativo de función/relación |
suplente. |
| 700 1# - PUNTO DE ACCESO ADICIONAL--NOMBRE DE PERSONA |
| Nombre de persona |
Mejía Sánchez, Dimas |
| Término indicativo de función/relación |
suplente. |
| 9 (RLIN) |
74288 |
| 856 ## - LOCALIZACIÓN Y ACCESO ELECTRÓNICOS |
| Identificador Uniforme del Recurso |
http://10.13.5.2/tesis/tl/1410038-5_ALARCON_GARCIA_ANTONIO.pdf |
| Nota pública |
DESCARGAR PDF |
| 942 ## - ELEMENTOS DE PUNTO DE ACCESO ADICIONAL (KOHA) |
| Fuente del sistema de clasificación o colocación |
Clasificación Universidad Autónoma Chapingo |
| Tipo de ítem Koha |
Tesis digital |